01370nam a2200241Ia 4500001000600000003000900006008004100015040001300056040001300069041001300082100002900095100002900124245004500153245004500198250001100243260001000254260001200264260004900276300005700325500068600382650002901068650003101097B3572IT-RoPAU130308s9999 xx 000 0 und d aIT-RoPAU cIT-RoPAU aSPAGNOLO aRodriguez Castelo Hernan gCodice Aut. SPICS: 8300 aRedaccion periodistica: tratado practico bRedaccion Periodistica: Tratado Practico a1a ed. aQUITO bCiespal c1988 [1° Ed.:1988 - Ed.Ling.Originale:1988] a"708 p. (prefazione: no ; testo: 708 [pagine: 0-0])" aRedazione Giornalistica. giornalista Codificatore. Messaggio Giornalistico. Codice Lingua. Descrizione del Codice: Grammatica, Grammatica Elementare Dello Spagnolo. Chiave per una buona codificazione del Messaggio. Preplessità del Codificatore: I maggiori Problemi Idiomatici del giornalista Latinoamericano. Segnali di Ordinamento Sintagmatico: Punteggiatura. Stile e Stile Giornalistico. Stile Giornalistico Ideale: chiarezza e Leggibilità, Concisione e Proprietà di Parola, Vitalità ed Espressività, Retorica o Ipercodificazione e Commutazione del Codice. redazione Giornalistica e Generi Giornalistici. Annessi Testi Giornalistici Come Esemplificazione. Bibliografia. aLINGUAGGIO GIORNALISTICO eCodice materia Spics: 7054